| 000 | 00647nam a2200193Ia 4500 | ||
|---|---|---|---|
| 003 | LDD | ||
| 008 | 190117s9999 xx 000 0 und d | ||
| 020 |
_a9788193295267 _c₹300 |
||
| 040 | _cLDD | ||
| 041 | _ahi | ||
| 082 | _a8H3.7 भा6442द | ||
| 100 | _aभारती, धमॆवीर | ||
| 245 | 0 |
_aदस प्रतिनिधि कहानियाँ _cधमॆवीर भारती |
|
| 260 |
_aदिल्ली _bकिताबघर प्रकाशन _c2017 |
||
| 300 | _a200p. | ||
| 901 | _aKGP | ||
| 904 | _aReqst by : Satyakam | ||
| 942 |
_2ddc _cH |
||
| 999 |
_c165413 _d165413 |
||